<?xml version="1.0" encoding="UTF-8"?>
<record
    xmlns:xsi="http://www.w3.org/2001/XMLSchema-instance"
    xsi:schemaLocation="http://www.loc.gov/MARC21/slim http://www.loc.gov/standards/marcxml/schema/MARC21slim.xsd"
    xmlns="http://www.loc.gov/MARC21/slim">

  <leader>01124nam a22002297a 4500</leader>
  <controlfield tag="003">BDDh-ASL</controlfield>
  <controlfield tag="005">20231015031211.0</controlfield>
  <controlfield tag="008">230306s2019    i  ||||| |||| 00| 0 b   d</controlfield>
  <datafield tag="040" ind1=" " ind2=" ">
    <subfield code="c">BDDh-ASL</subfield>
  </datafield>
  <datafield tag="041" ind1=" " ind2=" ">
    <subfield code="a">bengali </subfield>
  </datafield>
  <datafield tag="082" ind1=" " ind2=" ">
    <subfield code="a">092.0899</subfield>
    <subfield code="b">AHU</subfield>
  </datafield>
  <datafield tag="100" ind1="1" ind2=" ">
    <subfield code="a">&#x986;&#x9B9;&#x9AE;&#x9A6;, &#x993;&#x9AF;&#x9BC;&#x9BE;&#x995;&#x9BF;&#x9B2; </subfield>
    <subfield code="9">248</subfield>
  </datafield>
  <datafield tag="245" ind1="1" ind2="0">
    <subfield code="a">&#x989;&#x9A8;&#x9BF;&#x9B6; &#x9B6;&#x9A4;&#x995;&#x9C7;&#x9B0; &#x9AC;&#x9BE;&#x999;&#x9BE;&#x9B2;&#x9BF; &#x9AE;&#x9C1;&#x9B8;&#x9B2;&#x9AE;&#x9BE;&#x9A8;&#x9C7;&#x9B0; &#x99A;&#x9BF;&#x9A8;&#x9CD;&#x9A4;&#x9BE; &#x993; &#x99A;&#x9C7;&#x9A4;&#x9A8;&#x9BE;&#x9B0; &#x9A7;&#x9BE;&#x9B0;&#x9BE; /</subfield>
  </datafield>
  <datafield tag="246" ind1=" " ind2=" ">
    <subfield code="a">Unish Satake Bangali Musalmaner Chinta x Chetonar Dhara. </subfield>
  </datafield>
  <datafield tag="260" ind1=" " ind2=" ">
    <subfield code="a">&#x995;&#x9B2;&#x995;&#x9BE;&#x9A4;&#x9BE;: </subfield>
    <subfield code="b">&#x9AC;&#x9BF;&#x9B6;&#x9CD;&#x9AC;&#x999;&#x9CD;&#x997;&#x9C0;&#x9AF;&#x9BC; &#x9AA;&#x9CD;&#x9B0;&#x995;&#x9BE;&#x9B6;&#x9A8;, </subfield>
    <subfield code="c">&#x9E8;&#x9E6;&#x9E7;&#x9EF;&#x964; </subfield>
  </datafield>
  <datafield tag="300" ind1=" " ind2=" ">
    <subfield code="a">&#x9EC;&#x9EA;&#x9EE; &#x9AA;&#x9C3;&#x9B7;&#x9CD;&#x9A0;&#x9BE;: </subfield>
    <subfield code="b">&#x99B;&#x9AC;&#x9BF;; </subfield>
    <subfield code="c">&#x9E8;&#x9E8; &#x9B8;&#x9C7;.&#x9AE;&#x9BF;. </subfield>
  </datafield>
  <datafield tag="504" ind1=" " ind2=" ">
    <subfield code="a">&#x997;&#x9CD;&#x9B0;&#x9A8;&#x9CD;&#x9A5;&#x9AA;&#x99E;&#x9CD;&#x99C;&#x9BF; &#x993; &#x9A8;&#x9BF;&#x9B0;&#x9CD;&#x998;&#x9A3;&#x9CD;&#x99F; &#x9B8;&#x982;&#x9AF;&#x9C1;&#x995;&#x9CD;&#x9A4; &#x964;</subfield>
  </datafield>
  <datafield tag="650" ind1=" " ind2="0">
    <subfield code="a">Bengali Muslim (&#x9AC;&#x9BE;&#x982;&#x9B2;&#x9BE;&#x9B0; &#x9AE;&#x9C1;&#x9B8;&#x9B2;&#x9AE;&#x9BE;&#x9A8;)</subfield>
    <subfield code="9">7375</subfield>
  </datafield>
  <datafield tag="650" ind1=" " ind2="0">
    <subfield code="a">&#x989;&#x9A8;&#x9BF;&#x9B6; &#x9B6;&#x9A4;&#x995;&#x9C7; &#x9AE;&#x9C1;&#x9B8;&#x9B2;&#x9AE;&#x9BE;&#x9A8;&#x9A6;&#x9C7;&#x9B0; &#x9B8;&#x9AE;&#x9BE;&#x99C; &#x9AC;&#x9CD;&#x9AF;&#x9AC;&#x9B8;&#x9CD;&#x9A5;&#x9BE;</subfield>
    <subfield code="9">784</subfield>
  </datafield>
  <datafield tag="650" ind1=" " ind2="0">
    <subfield code="a">Bengali Literature (&#x9AC;&#x9BE;&#x982;&#x9B2;&#x9BE; &#x9B8;&#x9BE;&#x9B9;&#x9BF;&#x9A4;&#x9CD;&#x9AF;) </subfield>
    <subfield code="9">5985</subfield>
  </datafield>
  <datafield tag="942" ind1=" " ind2=" ">
    <subfield code="2">ddc</subfield>
    <subfield code="c">BK</subfield>
  </datafield>
  <datafield tag="952" ind1=" " ind2=" ">
    <subfield code="0">0</subfield>
    <subfield code="1">0</subfield>
    <subfield code="2">ddc</subfield>
    <subfield code="4">0</subfield>
    <subfield code="7">0</subfield>
    <subfield code="8">NFIC</subfield>
    <subfield code="a">ASL</subfield>
    <subfield code="b">ASL</subfield>
    <subfield code="c">WAC</subfield>
    <subfield code="d">2023-03-06</subfield>
    <subfield code="e">Donated by Prof. Wakil Ahmed</subfield>
    <subfield code="l">0</subfield>
    <subfield code="o">092.0899 AHU</subfield>
    <subfield code="p">119396</subfield>
    <subfield code="r">2023-03-06 00:00:00</subfield>
    <subfield code="t">C-1</subfield>
    <subfield code="w">2023-03-06</subfield>
    <subfield code="y">BK</subfield>
  </datafield>
  <datafield tag="999" ind1=" " ind2=" ">
    <subfield code="c">30856</subfield>
    <subfield code="d">30856</subfield>
  </datafield>
</record>
